[Event "Penang op 10th"]
[Site "Penang"]
[Date "2018.12.06"]
[Round "6"]
[White "Koelbl, Wolfgang"]
[Black "Nethmina, SA Indura"]
[Result "1/2-1/2"]
[WhiteElo "1785"]
[BlackElo "1536"]
[PlyCount "73"]
[EventDate "2018.12.03"]
[EventType "swiss"]
[EventRounds "9"]
[EventCountry "MAS"]
[SourceTitle "CBM 187 Extra"]
[Source "ChessBase"]
[SourceDate "2018.11.04"]
[SourceVersion "1"]
[SourceVersionDate "2018.11.04"]
[SourceQuality "1"]

1. d4 Nf6 2. Bf4 d5 3. e3 e6 4. c3 c5 5. Nd2 Nc6 6. Ngf3 cxd4 7. exd4 Nh5 8. Be3 Bd6 9. Ne5 g6 10. Nxc6 bxc6 11. Nf3 0-0 12. Qd2 Qc7 13. g3 a5 14. Rc1 f5 15. Bh6 Re8 16. Be2 Ba6 17. Bxa6 Rxa6 18. 0-0 Nf6 19. Kg2 Ne4 20. Qe2 Ra7 21. c4 Qf7 22. Ne5 Bxe5 23. dxe5 d4 24. f3 Nc5 25. Qf2 Nd3 26. Qxd4 Nxc1 27. Rxc1 Qd7 28. Qc5 Rb7 29. Rc2 Reb8 30. b3 a4 31. Rd2 Qc7 32. Rd3 axb3 33. axb3 Qc8 34. Rd6 Rc7 35. Bg5 Qe8 36. b4 Rbc8 37. Qa5 1/2-1/2

[Event "Penang op-A 9th"]
[Site "Penang"]
[Date "2017.12.08"]
[Round "7"]
[White "Koelbl, Wolfgang"]
[Black "Poh, Yu Tian"]
[Result "1/2-1/2"]
[WhiteElo "1819"]
[BlackElo "1342"]
[PlyCount "44"]
[EventDate "2017.12.04"]
[EventType "swiss"]
[EventRounds "9"]
[EventCountry "MAS"]
[SourceTitle "CBM 182 Extra"]
[Source "ChessBase"]
[SourceDate "2018.02.23"]
[SourceVersion "1"]
[SourceVersionDate "2018.02.23"]
[SourceQuality "1"]

1. d4 Nf6 2. Bf4 g6 3. Nc3 d5 4. e3 c6 5. Bd3 Bg7 6. h4 h5 7. Qe2 Qb6 8. Rb1 0-0 9. Nf3 Bg4 10. Ne5 Nbd7 11. Nxg4 Nxg4 12. f3 Ngf6 13. Qd2 c5 14. Qf2 cxd4 15. exd4 Qe6+ 16. Ne2 Rac8 17. 0-0 Nb6 18. Rfe1 Qd7 19. b3 Ne8 20. Be5 Nd6 21. Bxg7 Kxg7 22. Ng3 Rh8 1/2-1/2

[Event "Penang op-A 9th"]
[Site "Penang"]
[Date "2017.12.05"]
[Round "2"]
[White "Kavinda, Akila"]
[Black "Koelbl, Wolfgang"]
[Result "1-0"]
[WhiteElo "2003"]
[BlackElo "1819"]
[PlyCount "87"]
[EventDate "2017.12.04"]
[EventType "swiss"]
[EventRounds "9"]
[EventCountry "MAS"]
[SourceTitle "CBM 182 Extra"]
[Source "ChessBase"]
[SourceDate "2018.02.23"]
[SourceVersion "1"]
[SourceVersionDate "2018.02.23"]
[SourceQuality "1"]

1. d4 d5 2. Nf3 e6 3. c4 c6 4. Nbd2 f5 5. g3 Nf6 6. Bg2 Bd6 7. 0-0 0-0 8. Ne5 Bd7 9. Ndf3 Ne4 10. Qb3 Bc8 11. Nd3 g5 12. Nfe5 h6 13. f3 Nf6 14. Bd2 Na6 15. Rac1 Kg7 16. Qc2 Bd7 17. b4 Rc8 18. c5 Bb8 19. a4 Nc7 20. Nxd7 Qxd7 21. Ne5 Qe7 22. Qd3 Nd7 23. f4 g4 24. b5 Nxe5 25. fxe5 h5 26. bxc6 bxc6 27. Qe3 Rh8 28. Qg5+ Qxg5 29. Bxg5 Kg6 30. Bd8 h4 31. Rfd1 hxg3 32. hxg3 Ne8 33. Rb1 Ng7 34. Rb7 Bc7 35. Rxa7 Rhxd8 36. Rb1 Ne8 37. Rbb7 Ra8 38. Rxc7 Nxc7 39. Rxc7 Rxa4 40. Rxc6 Ra2 41. Kf2 Ra5 42. Rc7 Rf8 43. Rc6 Kf7 44. Bxd5 1-0

[Event "Forchheim op-B 15th"]
[Site "Forchheim"]
[Date "2016.10.03"]
[Round "5"]
[White "Koelbl, Wolfgang"]
[Black "Spieker, Hans Joachim"]
[Result "1-0"]
[WhiteElo "1815"]
[BlackElo "1890"]
[PlyCount "32"]
[EventDate "2016.10.01"]
[EventType "swiss"]
[EventRounds "5"]
[EventCountry "GER"]
[SourceTitle "EXT 2019"]
[Source "ChessBase"]
[SourceDate "2018.10.10"]
[SourceVersion "1"]
[SourceVersionDate "2018.10.10"]
[SourceQuality "1"]

1. d4 Nf6 2. Nf3 g6 3. Bg5 Bg7 4. Nbd2 d5 5. e3 Bf5 6. Ne5 Nfd7 7. Nd3 c6 8. Be2 Qb6 9. Rb1 e5 10. dxe5 Nxe5 11. Nxe5 Bxe5 12. Bh6 Nd7 13. 0-0 Nf6 14. Nf3 Ng8 15. Nd4 Bd7 16. e4 Be6 1-0

[Event "Forchheim op-B 13th"]
[Site "Forchheim"]
[Date "2014.10.04"]
[Round "3"]
[White "Diller, Daniel"]
[Black "Koelbl, Wolfgang"]
[Result "1/2-1/2"]
[WhiteElo "1872"]
[BlackElo "1876"]
[PlyCount "57"]
[EventDate "2014.10.03"]
[EventType "swiss"]
[EventRounds "5"]
[EventCountry "GER"]
[SourceTitle "EXT 2019"]
[Source "ChessBase"]
[SourceDate "2018.10.10"]
[SourceVersion "1"]
[SourceVersionDate "2018.10.10"]
[SourceQuality "1"]

1. c4 f5 2. g3 Nf6 3. Bg2 g6 4. Nc3 Bg7 5. d3 0-0 6. e4 fxe4 7. dxe4 d6 8. Nge2 c5 9. 0-0 Nc6 10. f4 Be6 11. Nd5 Qd7 12. Qc2 Bg4 13. Be3 Bxe2 14. Qxe2 Ng4 15. Bh3 h5 16. Bxg4 hxg4 17. Rab1 Nd4 18. Bxd4 Bxd4+ 19. Kg2 Rf7 20. f5 e6 21. fxe6 Qxe6 22. Nf4 Qe8 23. Nd5 Qe7 24. Rxf7 Kxf7 25. Rf1+ Kg7 26. b3 Re8 27. Rf4 Rf8 28. Qf1 Re8 29. Qe2 1/2-1/2

[Event "Stein am Rhein op 2nd"]
[Site "Stein am Rhein"]
[Date "2014.02.28"]
[Round "1"]
[White "Koelbl, Wolfgang"]
[Black "Nagy, Gabor"]
[Result "0-1"]
[WhiteElo "1892"]
[BlackElo "2410"]
[PlyCount "84"]
[EventDate "2014.02.28"]
[EventType "swiss"]
[EventRounds "5"]
[EventCountry "SUI"]
[SourceTitle "CBM 159 Extra"]
[Source "ChessBase"]
[SourceDate "2014.04.24"]
[SourceVersion "1"]
[SourceVersionDate "2014.04.24"]
[SourceQuality "1"]

1. d4 g6 2. Nf3 Bg7 3. c3 d6 4. Bg5 h6 5. Bh4 Nd7 6. Nbd2 Ngf6 7. e4 e5 8. dxe5 dxe5 9. Qc2 Qe7 10. Be2 0-0 11. 0-0 g5 12. Bg3 Nh5 13. b4 Re8 14. Rfe1 Nf4 15. Bf1 Nf8 16. Nc4 N8g6 17. Nfd2 h5 18. f3 g4 19. Ne3 Qg5 20. Bxf4 Nxf4 21. Kh1 a5 22. b5 Be6 23. c4 Rad8 24. Nd5 c6 25. bxc6 bxc6 26. Ne3 Bf8 27. c5 Kh8 28. Rad1 a4 29. fxg4 hxg4 30. Qxa4 Bxc5 31. Ndc4 Rg8 32. Qc2 Kg7 33. g3 Nh5 34. Ng2 Nxg3+ 35. hxg3 Rh8+ 36. Nh4 Rxh4+ 37. gxh4 Rh8 38. Rd2 Qxh4+ 39. Rh2 Qxe1 40. Qe2 Rxh2+ 41. Kxh2 Qh4+ 42. Kg2 Qh3# 0-1

[Event "Penang op-A 5th"]
[Site "Penang"]
[Date "2013.12.13"]
[Round "9"]
[White "Koelbl, Wolfgang"]
[Black "Lee, Shi Hao"]
[Result "1-0"]
[WhiteElo "1892"]
[BlackElo "1702"]
[PlyCount "84"]
[EventDate "2013.12.09"]
[EventType "swiss"]
[EventRounds "9"]
[EventCountry "MAS"]
[SourceTitle "CBM 157 Extra"]
[Source "ChessBase"]
[SourceDate "2013.12.19"]
[SourceVersion "1"]
[SourceVersionDate "2013.12.19"]
[SourceQuality "1"]

1. d4 d5 2. Nf3 Bf5 3. Bf4 e6 4. e3 Nf6 5. c4 c6 6. Qb3 Qc8 7. Nc3 Nbd7 8. Be2 Be7 9. Rc1 0-0 10. h3 h6 11. cxd5 Nxd5 12. Nxd5 exd5 13. 0-0 Nf6 14. Qa4 Ne4 15. Ne5 Nd2 16. Qd1 Nxf1 17. Qxf1 f6 18. Nd3 Bxd3 19. Bxd3 Qe6 20. g4 Bd6 21. Bxd6 Qxd6 22. Bc2 Qd7 23. Bg6 a5 24. Qe2 Qe7 25. h4 f5 26. Bxf5 Qxh4 27. Kg2 Rxf5 28. gxf5 Qg5+ 29. Kf1 Qxf5 30. Ke1 g5 31. Kd2 Kg7 32. Rf1 Rh8 33. Qh5 Qg6 34. Qh2 Qf7 35. f4 g4 36. f5 h5 37. f6+ Kg6 38. Qf4 Qe6 39. Qc7 Rh7 40. Qxh7+ Kxh7 41. f7 Qxf7 42. Rxf7+ Kg6 1-0

[Event "Penang op-A 5th"]
[Site "Penang"]
[Date "2013.12.12"]
[Round "7"]
[White "Koelbl, Wolfgang"]
[Black "Frost, Peter"]
[Result "1/2-1/2"]
[WhiteElo "1892"]
[BlackElo "1787"]
[PlyCount "93"]
[EventDate "2013.12.09"]
[EventType "swiss"]
[EventRounds "9"]
[EventCountry "MAS"]
[SourceTitle "CBM 157 Extra"]
[Source "ChessBase"]
[SourceDate "2013.12.19"]
[SourceVersion "1"]
[SourceVersionDate "2013.12.19"]
[SourceQuality "1"]

1. d4 Nf6 2. Nf3 g6 3. Bg5 Bg7 4. Nbd2 0-0 5. c3 d6 6. e4 h6 7. Bh4 Nbd7 8. Be2 e5 9. dxe5 Nxe5 10. Nxe5 dxe5 11. Qc2 c6 12. f3 Qc7 13. 0-0 Be6 14. b4 a5 15. a3 axb4 16. axb4 c5 17. b5 Nd7 18. Bf2 b6 19. Ra6 Rxa6 20. bxa6 c4 21. Qa4 Nc5 22. Qb5 Ra8 23. Ra1 Bf8 24. Bxc4 Bd7 25. Qb2 Bc8 26. Bxc5 Bxc5+ 27. Kf1 Be3 28. Be2 b5 29. Bxb5 Ba7 30. Ke2 Qc5 31. Kd3 Rb8 32. c4 Qe3+ 33. Kc2 Bd4 34. Qb3 Qxb3+ 35. Nxb3 Bxa1 36. Nxa1 Bxa6 37. Bxa6 Ra8 38. Bb5 Rxa1 39. Kb2 Ra7 40. Kb3 Kf8 41. Kb4 Rc7 42. Ka5 Ke7 43. Kb6 Kd8 44. c5 g5 45. c6 f6 46. g4 Rg7 47. Ba6 1/2-1/2

[Event "Penang op-A 5th"]
[Site "Penang"]
[Date "2013.12.10"]
[Round "2"]
[White "Ooi, Yen Hoe"]
[Black "Koelbl, Wolfgang"]
[Result "0-1"]
[WhiteElo "1678"]
[BlackElo "1892"]
[PlyCount "92"]
[EventDate "2013.12.09"]
[EventType "swiss"]
[EventRounds "9"]
[EventCountry "MAS"]
[SourceTitle "CBM 157 Extra"]
[Source "ChessBase"]
[SourceDate "2013.12.19"]
[SourceVersion "1"]
[SourceVersionDate "2013.12.19"]
[SourceQuality "1"]

1. e4 c6 2. d4 d6 3. Nc3 Qc7 4. Nf3 e5 5. Bc4 Be7 6. a4 Nf6 7. 0-0 0-0 8. Re1 Bg4 9. d5 a5 10. h3 Bh5 11. Qe2 Nbd7 12. Be3 Nb6 13. Bxb6 Qxb6 14. Rab1 Qb4 15. Bb3 Rad8 16. Qe3 Nd7 17. Nd2 Bg6 18. Nc4 Ra8 19. Rbd1 Rfd8 20. dxc6 bxc6 21. Qd2 Nc5 22. Qe2 Nxb3 23. cxb3 Qxb3 24. h4 h6 25. Ne3 Bxh4 26. Rd3 Rab8 27. g3 Bg5 28. Rd2 Qe6 29. Kg2 Rb4 30. f3 f5 31. exf5 Bxf5 32. g4 Bg6 33. Red1 d5 34. Na2 Rxa4 35. b3 Rf4 36. Nf1 e4 37. fxe4 Rxg4+ 38. Ng3 Bxe4+ 39. Kh2 Rh4+ 40. Kg1 Bxd2 41. Rxd2 Qg4 42. Qxg4 Rxg4 43. Kh2 Rf8 44. Nxe4 Rxe4 45. Nc3 Re3 46. Rc2 Rff3 0-1

[Event "Forchheim op-B 12th"]
[Site "Forchheim"]
[Date "2013.09.29"]
[Round "4"]
[White "Walter, Manfred"]
[Black "Koelbl, Wolfgang"]
[Result "1/2-1/2"]
[WhiteElo "1734"]
[BlackElo "1889"]
[PlyCount "39"]
[EventDate "2013.09.27"]
[EventType "swiss"]
[EventRounds "5"]
[EventCountry "GER"]
[SourceTitle "EXT 2019"]
[Source "ChessBase"]
[SourceDate "2018.10.10"]
[SourceVersion "1"]
[SourceVersionDate "2018.10.10"]
[SourceQuality "1"]

1. c4 c6 2. g3 d6 3. Bg2 e5 4. d3 f5 5. e3 Nf6 6. Ne2 Be7 7. 0-0 Be6 8. f4 0-0 9. Nbc3 Nbd7 10. b4 a6 11. a4 Qc7 12. Bd2 Rab8 13. b5 g6 14. Qc2 Rfd8 15. bxc6 bxc6 16. Rfb1 Bf8 17. Ra2 Rxb1+ 18. Qxb1 Rb8 19. Rb2 Rxb2 20. Qxb2 1/2-1/2

[Event "Lugano op 15th"]
[Site "Lugano"]
[Date "2012.11.01"]
[Round "1"]
[White "Sigrist, Rene"]
[Black "Koelbl, Wolfgang"]
[Result "1/2-1/2"]
[WhiteElo "1709"]
[BlackElo "1883"]
[PlyCount "75"]
[EventDate "2012.11.01"]
[EventType "swiss"]
[EventRounds "7"]
[EventCountry "SUI"]
[SourceTitle "EXT 2013"]
[Source "ChessBase"]
[SourceDate "2012.11.22"]
[SourceVersion "1"]
[SourceVersionDate "2012.11.22"]
[SourceQuality "1"]

1. d4 Nf6 2. c4 e6 3. Nc3 Bb4 4. Qc2 0-0 5. Nf3 c5 6. dxc5 Bxc5 7. e3 b6 8. Be2 Bb7 9. 0-0 Nc6 10. a3 Rc8 11. b4 Bd6 12. Rd1 Bb8 13. Ne4 Nxe4 14. Qxe4 Na5 15. Qd3 Nxc4 16. Qxd7 Qf6 17. Qd4 e5 18. Qh4 Qxh4 19. Nxh4 b5 20. Nf3 Rfd8 21. Rxd8+ Rxd8 22. Ra2 f6 23. Nd2 Nd6 24. Rc2 a6 25. Nb3 Nc4 26. Kf1 Be4 27. Rc3 Bd5 28. Nc5 Rd6 29. e4 Bf7 30. Bg4 Ba7 31. Nb3 Rc6 32. Ke2 Bd4 33. Rc2 h5 34. Bd7 Rc7 35. Bf5 Ra7 36. h4 g6 37. Bh3 Kf8 38. f4 1/2-1/2

[Event "Forchheim op 10th"]
[Site "Forchheim"]
[Date "2011.10.09"]
[Round "4"]
[White "Mons, Leon"]
[Black "Koelbl, Wolfgang"]
[Result "1-0"]
[WhiteElo "2296"]
[BlackElo "1945"]
[PlyCount "97"]
[EventDate "2011.10.07"]
[EventType "swiss"]
[EventRounds "5"]
[EventCountry "GER"]
[SourceTitle "CBM 144 Extra"]
[Source "ChessBase"]
[SourceDate "2011.10.28"]
[SourceVersion "1"]
[SourceVersionDate "2011.10.28"]
[SourceQuality "1"]

1. e4 c6 2. d4 d6 3. f4 Qc7 4. Nf3 Bg4 5. Nc3 Nd7 6. Bc4 e6 7. h3 Bxf3 8. Qxf3 d5 9. Bd3 dxe4 10. Nxe4 Ngf6 11. 0-0 Nxe4 12. Qxe4 Nf6 13. Qe2 0-0-0 14. Be3 g6 15. c4 Kb8 16. Rab1 c5 17. dxc5 Bxc5 18. b4 Bxe3+ 19. Qxe3 Rd7 20. Be2 Rhd8 21. Rfd1 Rxd1+ 22. Rxd1 Rxd1+ 23. Bxd1 Nd7 24. Qd4 e5 25. Qe4 Qd6 26. Bf3 Qd4+ 27. Qxd4 exd4 28. Bd5 f6 29. Kf2 a5 30. a3 axb4 31. axb4 Kc7 32. Ke2 Nb8 33. Kd3 Na6 34. b5 Nc5+ 35. Kxd4 b6 36. Bg8 h6 37. Kd5 Kd7 38. Bf7 g5 39. fxg5 hxg5 40. Bg6 Na4 41. Bf5+ Kc7 42. Ke6 Nb2 43. Kxf6 Nxc4 44. Kxg5 Kd6 45. Kf6 Ne3 46. Be4 Kc5 47. g4 Kxb5 48. g5 Nc4 49. Bd3 1-0